| Tag |
First Indicator |
Second Indicator |
Subfields |
| LEADER |
00000cam a2200000 4500 |
| 001 |
in00000037851 |
| 005 |
20151007080653.0 |
| 008 |
720726s1949 eng u |
| 010 |
|
|
|a 49007585
|
| 035 |
|
|
|a (OCoLC)00366067
|
| 035 |
|
|
|9 AAF5182AM
|
| 040 |
|
|
|c CSU
|d TXA
|d UtOrBLW
|
| 049 |
|
|
|a TXAM
|c 1 [167585]
|
| 050 |
|
0 |
|a HD47
|b .W7
|
| 092 |
|
|
|a 301.154
|b W951p
|
| 100 |
1 |
|
|a Wright, J. Handly.
|
| 245 |
1 |
0 |
|a Public relations in management /
|c by J. Handly Wright and Byron H. Christian.
|
| 250 |
|
|
|a 1st ed.
|
| 264 |
|
1 |
|a New York :
|b McGraw-Hill,
|c 1949.
|
| 300 |
|
|
|a ix, 229p. ;
|c 24cm.
|
| 336 |
|
|
|a text
|b txt
|2 rdacontent
|
| 337 |
|
|
|a unmediated
|b n
|2 rdamedia
|
| 338 |
|
|
|a volume
|b nc
|2 rdacarrier
|
| 650 |
|
0 |
|a Publicity.
|
| 700 |
1 |
|
|a Christian, Byron Hunter.
|
| 999 |
|
|
|a MARS
|
| 999 |
f |
f |
|s 6602301f-267e-3950-8904-b4e4b52786bd
|i bd1b80c6-aeda-3022-889a-6271af05c229
|t 0
|
| 952 |
f |
f |
|p ric
|a Texas A&M University
|b Rellis Campus
|c Joint Library Facility
|d Remote Storage
|t 0
|e HD47 .W7
|h Library of Congress classification
|i unmediated -- volume
|m A14830419896
|
| 998 |
f |
f |
|a HD47 .W7
|t 0
|l Remote Storage
|